| 000 -LEADER |
| fixed length control field |
00850nam a2200193Ia 4500 |
| 020 ## - INTERNATIONAL STANDARD BOOK NUMBER |
| ISBN |
9022007359 |
| 040 ## - CATALOGING SOURCE |
| Transcribing agency |
AGL |
| 082 ## - DEWEY DECIMAL CLASSIFICATION NUMBER |
| Classification number |
631 CEN 1981 A052 Or. |
| 245 00 - TITLE STATEMENT |
| Title |
Simulation of nitrogen behaviour of soil-plant systems : |
| Remainder of title |
papers of a workshop, models for the behaviour of nitrogen in soil and uptake by plant, comparison between different approaches, Wageningen, the Netherlands, January 28 - February 1, 1980 / |
| 260 ## - PUBLICATION, DISTRIBUTION, ETC. (IMPRINT) |
| Place of publication |
Wageningen, Netherlands : |
| Name of publisher |
Centre for Agricultural Publishing and Documentation, |
| Year of publication |
1981 |
| 300 ## - PHYSICAL DESCRIPTION |
| Number of Pages |
277 p. : |
| Other physical details |
ill. ; |
| Dimensions |
25 cm |
| 500 ## - GENERAL NOTE |
| General note |
Workshop sponsored by IUBS (International Union of Biological Sciences [and others] |
| 650 #0 - SUBJECT ADDED ENTRY--TOPICAL TERM |
| Topical Term |
Soils |
| 650 #0 - SUBJECT ADDED ENTRY--TOPICAL TERM |
| Topical Term |
Plant-soil relationships |
| 700 10 - ADDED ENTRY--PERSONAL NAME |
| Personal name |
Frissel, M. J |
| 700 10 - ADDED ENTRY--PERSONAL NAME |
| Personal name |
Veen, J. A. van |
| 710 20 - ADDED ENTRY--CORPORATE NAME |
| Corporate name or jurisdiction name as entry element |
International Union of Biological Sciences |
| 942 ## - ADDED ENTRY ELEMENTS (KOHA) |
| Koha item type |
សៀវភៅភាសាអង់គ្លេស |
| 952 ## - LOCATION AND ITEM INFORMATION (KOHA) |
| Withdrawn status [LOCAL, KOHA] |
0 |